<?xml version="1.0" encoding="UTF-8"?>
<record
    xmlns:xsi="http://www.w3.org/2001/XMLSchema-instance"
    xsi:schemaLocation="http://www.loc.gov/MARC21/slim http://www.loc.gov/standards/marcxml/schema/MARC21slim.xsd"
    xmlns="http://www.loc.gov/MARC21/slim">

  <leader>02640    a2200253   4500</leader>
  <controlfield tag="001">22374</controlfield>
  <controlfield tag="005">20260407155514.0</controlfield>
  <controlfield tag="008">260407a1986    arg                 spa d</controlfield>
  <controlfield tag="003">AR-UNSa-BCEJYS</controlfield>
  <datafield tag="040" ind1=" " ind2=" ">
    <subfield code="a">AR-UNSa-BCEJYS</subfield>
    <subfield code="b">spa</subfield>
    <subfield code="c">AR-UNSa-BCEJYS</subfield>
  </datafield>
  <datafield tag="080" ind1=" " ind2=" ">
    <subfield code="a">336.1</subfield>
    <subfield code="x">Finanzas P&#xFA;blicas. Finanzas del gobierno en general
 
</subfield>
  </datafield>
  <datafield tag="245" ind1="1" ind2="0">
    <subfield code="a">Hacienda p&#xFA;blica, te&#xF3;rica y aplicada</subfield>
  </datafield>
  <datafield tag="020" ind1=" " ind2=" ">
    <subfield code="a">84-7196-364-8</subfield>
  </datafield>
  <datafield tag="250" ind1=" " ind2=" ">
    <subfield code="a">2a. ed</subfield>
  </datafield>
  <datafield tag="264" ind1=" " ind2="1">
    <subfield code="a">Madrid :</subfield>
    <subfield code="b">Instituto de Estudio Fiscales</subfield>
    <subfield code="c">1986</subfield>
  </datafield>
  <datafield tag="300" ind1=" " ind2=" ">
    <subfield code="a">c, 1229 p.</subfield>
    <subfield code="c">24 cm.</subfield>
  </datafield>
  <datafield tag="505" ind1=" " ind2=" ">
    <subfield code="a">1. Funciones fiscales: una panor&#xE1;mica - 2. Instituciones fiscales - 3. Teor&#xED;a de los bienes sociales - 4. Nueva consideraci&#xF3;n de los bienes sociales - 5. Teor&#xED;a de la distribuci&#xF3;n &#xF3;ptima - 6. Reglas de votaci&#xF3;n y pol&#xED;tica fiscal - 7. Gastos p&#xFA;blicos: estructura y crecimiento - 8. Evaluaci&#xF3;n del gasto: principios - 9. Evaluaci&#xF3;n del gasto: estudio de casos -10.Introducci&#xF3;n a la imposici&#xF3;n - 11. Enfoques de la equidad tributaria - 12. Incidencia del impuesto y el gasto: introducci&#xF3;n general - 13. Principios de la incidencia del impuesto - 14. El exceso de gravamen y la eficiencia - 15. Desarrollo y composici&#xF3;n de la estructura tributaria de Estados Unidos - 16. Impuesto sobre la renta personal: definici&#xF3;n de renta imponible - 17. El impuesto sobre la renta personal: otros problemas - 18. Impuesto sobre la renta de sociedades (1): estructura e integraci&#xF3;n - 19. El impuesto sobre la renta de las sociedades (2): incidencia e incentivos a la inversi&#xF3;n - 20. Los impuestos sobre las ventas - 21. Los impuestos sobre la propiedad y la riqueza - 22. Los impuestos sucesorios - 23. El impuesto sobre las n&#xF3;minas - 24. Principios de la hacienda multijurisdiccional - 25. La estructura del federalismo fiscal en Estados Unidos - 26. Los problemas actuales del federalismo fiscal - 27. Efectos fiscales sobre la demanda agregada y el empleo - 28. Aplicaciones de la pol&#xED;tica de estabilizaci&#xF3;n - 29. Producci&#xF3;n. Empleo e inflaci&#xF3;n - 30. La experiencia de la pol&#xED;tica fiscal - 31. Los efectos fiscales sobre la producci&#xF3;n de plena capacidad - 32. La econom&#xED;a de la deuda p&#xFA;blica - 33. Los programas de mantenimiento de la renta - 34. Los precios p&#xFA;blicos y la pol&#xED;tica del medio ambiente - 35. Hacienda p&#xFA;blica internacional - 36. La hacienda del desarrollo 
</subfield>
  </datafield>
  <datafield tag="942" ind1=" " ind2=" ">
    <subfield code="c">BK</subfield>
  </datafield>
  <datafield tag="590" ind1=" " ind2=" ">
    <subfield code="a">niveau_biblio:m niveau_hierar:0</subfield>
  </datafield>
  <datafield tag="100" ind1="1" ind2=" ">
    <subfield code="a">Musgrave, Richard A.</subfield>
  </datafield>
  <datafield tag="700" ind1="1" ind2=" ">
    <subfield code="a">Musgarve, Peggy B.</subfield>
  </datafield>
  <datafield tag="700" ind1="1" ind2=" ">
    <subfield code="a">Lozano Irueste, Jose Mar&#xED;a</subfield>
  </datafield>
  <datafield tag="856" ind1="4" ind2="1">
    <subfield code="u">https://biblioeco.unsa.edu.ar/pmb/images/libros/Hacienda Publica Teorica y Aplicada.JPG</subfield>
    <subfield code="y">Imagen de portada</subfield>
    <subfield code="q">image/jpeg</subfield>
  </datafield>
  <datafield tag="999" ind1=" " ind2=" ">
    <subfield code="c">991</subfield>
    <subfield code="d">991</subfield>
  </datafield>
  <datafield tag="952" ind1=" " ind2=" ">
    <subfield code="0">0</subfield>
    <subfield code="1">0</subfield>
    <subfield code="4">0</subfield>
    <subfield code="7">0</subfield>
    <subfield code="a">BCEJYS</subfield>
    <subfield code="b">BCEJYS</subfield>
    <subfield code="c">16</subfield>
    <subfield code="d">2026-04-07</subfield>
    <subfield code="l">0</subfield>
    <subfield code="o">336.1 M987 2ed.</subfield>
    <subfield code="p">L45675</subfield>
    <subfield code="r">2026-04-07 15:55:14</subfield>
    <subfield code="w">2026-04-07</subfield>
    <subfield code="y">L</subfield>
  </datafield>
  <datafield tag="952" ind1=" " ind2=" ">
    <subfield code="0">0</subfield>
    <subfield code="1">0</subfield>
    <subfield code="4">0</subfield>
    <subfield code="7">0</subfield>
    <subfield code="a">BCEJYS</subfield>
    <subfield code="b">BCEJYS</subfield>
    <subfield code="c">16</subfield>
    <subfield code="d">2026-04-07</subfield>
    <subfield code="l">0</subfield>
    <subfield code="o">336.1 M987 2ed.</subfield>
    <subfield code="p">L45677</subfield>
    <subfield code="r">2026-04-07 15:55:14</subfield>
    <subfield code="w">2026-04-07</subfield>
    <subfield code="y">L</subfield>
  </datafield>
  <datafield tag="952" ind1=" " ind2=" ">
    <subfield code="0">0</subfield>
    <subfield code="1">0</subfield>
    <subfield code="4">0</subfield>
    <subfield code="7">0</subfield>
    <subfield code="a">BCEJYS</subfield>
    <subfield code="b">BCEJYS</subfield>
    <subfield code="c">16</subfield>
    <subfield code="d">2026-04-07</subfield>
    <subfield code="l">0</subfield>
    <subfield code="o">336.1 M987 2ed.</subfield>
    <subfield code="p">L45678</subfield>
    <subfield code="r">2026-04-07 15:55:14</subfield>
    <subfield code="w">2026-04-07</subfield>
    <subfield code="y">L</subfield>
  </datafield>
</record>
